01072nam a2200241 a 450000100100000000500170001000800410002702000150006804000250008310000450010824500840015326000700023730000270030749000140033453300320034870000300038071000550041083000210046595201110048695201110059795201050070899900170081300004033220201002034050.0130821s2005 mx 000 0 spa d a9703223836 aDO-SdBNPbspacBNPHU1 aJiménez, Juan Ramónd1881-19589894810aLa última erranza /cJuna Ramón Jiménez 19 grabados de Alberto Beltrán. aMéxico :bUniversidad Nacional Autónoma de México :,c2005. a28 p. :bil. ;c21 cm.1 aLunesv20 aFacsímil:bMéxicod19461 aBeltrán, Alberto9666282 aUniversidad Nacional Autónoma de México942447 0aLunesv20966616 001050718MOaGRbGRcCTd2013-08-21iLF1l0o p40332-10r2020-06-25te. 2w2020-06-25y1ZNo se presta 001050718MOaGRbGRcCTd2013-08-21iLF1l0o p40332-20r2020-06-25te. 3w2020-06-25y1ZNo se presta 001050718MOaGRbGRcCTd2013-08-21iLF1l0o p40332-30r2020-06-25w2020-06-25y1ZNo se presta c39822d39822